000 00906nam a2200229Ia 4500
005 20141209143450.0
010 _aBAC-CH25
020 _a9789350093269
_c 350.00
035 _aB-557945-967
035 _aG-002778
037 _bTechniz/vender
082 _a303.61
100 _aO'Brien, Anne Sibley
245 _aAfter Gandhi: brave torchbearers of nonviolent resistance /
_cby Anne Sibley O'Brien [and] Percy Edmond O'Brien
260 _c2012
_aGurgaon
_bHachette India
270 _a4th 7 5th floors,corporate centre plot No.94, Sector 44,
_bGurgaon
_e122003,India
300 _a198p.:
_bcol.ill.
_c23cm(pbk)
700 _dO'Brien, Perry Edmond
942 _cCH
_2ddc
_mOBR
_h303.61
999 _c86238
_d86238